| 000 | 00650nam a2200169Ia 4500 | ||
|---|---|---|---|
| 003 | GCL | ||
| 008 | 140319s9999 xx 000 0 ara d | ||
| 040 |
_aGCL / _cGCL |
||
| 082 | 0 | 4 |
_a745.5 _bم ب |
| 100 | 1 | _aمركز الابحاث للتاريخ والفنون و | |
| 245 | 1 | 0 |
_aبرنامج تطوير الحرف اليدوية فى العالم الاسلامى شواهد وارقام / _cمركز الابحاث للتاريخ والفنون و |
| 300 | _a60 \52 | ||
| 490 |
_aمنظمة المؤتمر الاسلامى _v0 |
||
| 650 | 0 | 4 | _aالحرف اليدوية |
| 650 | 0 | 4 | _aالحرف اليدوية الاسلامى |
| 942 |
_2ddc _cBK |
||
| 999 |
_c46500 _d46500 |
||